The awakening of women: A feminist perspective of Gaskell´s novels "Ruth" and "North and South"
Guardado en:
| Autor principal: | |
|---|---|
| Formato: | Libro |
| Lenguaje: | Undetermined |
| Publicado: |
San José, Costa Rica
Escuela de Lenguas Modernas, Universidad de Costa Rica
1995
|
| Materias: | |
| Etiquetas: |
Agregar Etiqueta
Sin Etiquetas, Sea el primero en etiquetar este registro!
|
MARC
| LEADER | 00000nam a2200000Ia 4500 | ||
|---|---|---|---|
| 008 | 170316s9999 xx 000 0 und d | ||
| 040 | |a cru BVZT | ||
| 090 | |a TESIS 500 | ||
| 100 | |a Bolaños Sedó, Ana Lorena | ||
| 245 | 4 | |a The awakening of women: A feminist perspective of Gaskell´s novels "Ruth" and "North and South" | |
| 260 | |a San José, Costa Rica | ||
| 260 | |b Escuela de Lenguas Modernas, Universidad de Costa Rica | ||
| 260 | |c 1995 | ||
| 300 | |a 104 páginas | ||
| 650 | |a LICENCIATURA EN LITERATURA INGLESA | ||
| 650 | |a TRABAJO FINAL DE GRADUACIÓN | ||
| 999 | |c 14148 |d 14148 | ||
| 942 | |c TFG |h TESIS 500 |2 z | ||
